Tokoh-tokoh pemikir Islam

Bibliographic Details
Main Author: Mohamad Kamil Hj. Ab. Majid
Format: Book
Published: Selangor : Pekan Ilmu Pub. Sdn. Bhd , 2010
Subjects:

MARC

LEADER 00000cam a2200000 7i4500
001 0000038521
005 20131114.0
008 131114
020 |a 9675841033 
090 0 0 |a 922.97   |b MOH 
100 0 |a Mohamad Kamil Hj. Ab. Majid 
245 1 0 |a Tokoh-tokoh pemikir Islam   |c Mohamad Kamil Hj. Ab. Majid 
260 |a Selangor :   |b Pekan Ilmu Pub. Sdn. Bhd ,   |c 2010 
650 0 |a Philosophers, Muslim-Biography 
650 0 |a Theologians, Muslim   |x Biography 
999 |a 0001249324   |b Book   |c Adult Collection   |e Perbadanan Perpustakaan Awam Johor